Entrepreneurial genius: (Record no. 27065)

MARC details
000 -LEADER
fixed length control field 01041nam a22002657a 4500
005 - DATE AND TIME OF LATEST TRANSACTION
control field 2009060104074.0
008 - FIXED-LENGTH DATA ELEMENTS--GENERAL INFORMATION
fixed length control field 080926t xxu||||| |||| 00| 0 eng d
010 ## - LCCN (DPL NO)
LC control number ENG-93804
020 ## - INTERNATIONAL STANDARD BOOK NUMBER
International Standard Book Number 9788189975517
Terms of availability 350.00
035 ## - SYSTEM CONTROL NUMBER
System control number EN-77337
037 ## - SOURCE OF ACQUISITION
Source of stock number/acquisition DBAD / PUB
040 ## - CATALOGING SOURCE
Original cataloging agency dpl
Language of cataloging English
082 ## - DEWEY DECIMAL CLASSIFICATION NUMBER
Classification number 658.11
100 ## - MAIN ENTRY--PERSONAL NAME
Personal name Landrum, Gene N.
245 ## - TITLE STATEMENT
Title Entrepreneurial genius:
Statement of responsibility, etc by Gene N. Landrum
Remainder of title the power of passion /
260 ## - PUBLICATION, DISTRIBUTION, ETC. (IMPRINT)
Place of publication, distribution, etc Chennai
Name of publisher, distributor, etc Westland
Date of publication, distribution, etc 2009
270 ## - ADDRESS
Address 571, Poonamallee High Road, Kamaraj Bhavan, Aminijikarai,
City Chennai
Postal code 600029
300 ## - PHYSICAL DESCRIPTION
Extent 398p.
Dimensions 23cm(pbk)
500 ## - GENERAL NOTE
General note Includes references and index
650 ## - SUBJECT ADDED ENTRY--TOPICAL TERM
Topical term or geographic name as entry element New business enterprises
General subdivision Management
650 ## - SUBJECT ADDED ENTRY--TOPICAL TERM
Topical term or geographic name as entry element Entrepreneurship.
942 ## - ADDED ENTRY ELEMENTS (KOHA)
Source of classification or shelving scheme Dewey Decimal Classification
Item type English Books
Call number suffix LAN
Classification part 658.11
Holdings
Withdrawn status Lost status Source of classification or shelving scheme Damaged status Not for loan Collection code Home library Current library Date acquired Source of acquisition Cost, normal purchase price Total Checkouts Full call number Barcode Date last seen Copy number Cost, replacement price Koha item type
    Dewey Decimal Classification   Not For Loan Non-fiction D.B.Act.Division D.B.Act.Division 01/06/2009 DBAD / PUB 350.00   658.11 LAN EN-77337 01/06/2009 1 350.00 English Books

© Delhi Public Library
Hit Counter
free hit counter